| 000 | 00758nam a2200253 4500 | ||
|---|---|---|---|
| 001 | 8429 | ||
| 003 | BD-RjUL | ||
| 005 | 20211208234603.0 | ||
| 008 | 140118s1973 ne 001 0 eng | ||
| 020 | _a0444104860 (American Elsevier) | ||
| 020 | _a0720423643 | ||
| 035 | _a(BD-RjUL)8474 | ||
| 040 |
_aDLC _cDLC _dBD-RjUL _beng |
||
| 041 | _aeng | ||
| 082 | 0 | 0 |
_a519.52 _bKOS 1973 |
| 100 | 1 |
_aKonijn, H. S. _926239 |
|
| 245 | 1 | 0 |
_aStatistical theory of sample survey design and analysis / _cH. S. Konijn. |
| 260 |
_aAmsterdam : _bNorth-Holland Pub. Co., _aNew York : _bAmerican Elsevier Pub. Co., _c1973. |
||
| 300 |
_axv, 429 p. _c23 cm. |
||
| 504 | _aInclude index. | ||
| 650 | 0 |
_aSampling (Statistics) _926240 |
|
| 942 |
_2ddc _cBK |
||
| 999 |
_c8429 _d8429 |
||